The count of Monte Cristo

Bibliographic Details
Main Author: Dumas, Alexandre , 1802-1870 (Author)
Format: Book
Published: Oxford [England] New York : Oxford University Press , c1990
Subjects:

MARC

LEADER 00000cam a2200000 7i4500
001 0000008553
005 20090513093000.0
020 |a 0192827154 
090 0 0 |a PQ2226   |b .A33 1990 f 
100 0 |a Dumas, Alexandre ,   |d 1802-1870 ,   |e author 
245 1 4 |a The count of Monte Cristo   |c Alendre Dumas, edited with an intoroduction by David Coward 
260 2 |a Oxford [England]   |a New York :   |b Oxford University Press ,   |c c1990 
300 |a xxx, 1130 p. ;   |c 19 cm. 
650 0 |a Historical fiction 
999 |a 1000048393   |b Book   |c OPEN SHELF (30 DAYS)   |e Gong Badak Campus